000 00826nam a2200253Ia 4500
003 OSt
005 20220923230958.0
006 a|||||r|||| 00| 0
007 ta
008 220922b |||||||| |||| 00| 0 hin d
024 _a327,513
037 _cTextual
040 _aARTS
_cARTS
_bhin
041 _2hin
_ahin
082 _aW3.2, 152N3
100 _aशर्मा, रामशरण, ले.
_9156349
245 0 _aभारतीय सामंतवाद
246 _aBhāratīya sāhintavāda
260 _aनयी दिल्ली
_b राजकमल प्रकाशन
_c1993
300 _a274पृ.
_ccm.
650 _aराजनीति विज्ञान
942 _hW3.2, 152N3
_cTEXL
_2CC
999 _c388562
_d388562